Introducción a la rítmica y a la apreciación musical

Na minha lista:
Detalhes bibliográficos
Autor principal: Leidinger, Else (Autor)
Formato: Livro
Idioma:espanhol
Publicado em: Lima Facultad de Educación. Universidad Nacional Mayor de San Marcos 1964
coleção:Serie Educación de Niños Excepcionales, 1
Assuntos:
Tags: Adicionar Tag
Sem tags, seja o primeiro a adicionar uma tag!

MARC

LEADER 00000nam a2200000 a 4500
001 UCZ5589
003 CL-VaPUC
008 951124e19640000PE |||||||||||||||||spa|d
082 0 4 |a 781.17  |b LEI  |2 21 
100 0 |a Leidinger, Else  |e author  |9 349689 
245 1 0 |a Introducción a la rítmica y a la apreciación musical 
300 |a 42 p 
942 |c BK 
945 |d 19951124 00:00:00  |a cmena 
260 |a Lima  |b Facultad de Educación. Universidad Nacional Mayor de San Marcos  |c 1964 
650 0 |a Música  |9 306269 
650 0 |a Estética   |9 264950 
650 0 |a Apreciación estética   |9 345969 
650 0 |a Artes  |9 268202 
650 0 |a Teoría musical  |9 265760 
650 0 |a Musicología  |9 306520 
583 |a last modification  |c 19951124 00:00:00  |k Rodrigo Vera 
490 0 |a Serie Educación de Niños Excepcionales, 1 
999 |c 241882  |d 241880 
952 |0 0  |1 0  |4 0  |6 781_170000000000000_LEI_1964  |7 0  |8 P  |9 254472  |a BIBEDU  |b BIBEDU  |c BIBEDU_PB  |d 2019-11-19  |i 1576097  |o 781.17 LEI 1964  |p 1576097  |r 2024-01-25  |w 2019-11-19  |y BK  |k FIL